The international college teaching methods & styles journal

Detalles Bibliográficos
Nuevo Título:Journal of international education research (Online)
Formato: Electrónico Revista
Lenguaje:inglés
Publicado: Mesa, AZ : College Teaching Methods & Styles Journal
Littleton, CO : Clute Institute
Materias:
Acceso en línea:Full text available from Research Library: 01/01/2009 to 01/31/2010

MARC

LEADER 00000nas a22000007a 4500
001 ssj0000389784
003 WaSeSS
005 20200512172242.0
006 m d
007 cr n
008 081209d20052010couqr pss | a0eng d
010 |a  2010202537  |z  2010202481 
022 |a 2157-880X  |y 1548-9566 
035 |a (WaSeSS)ssj0000389784 
037 |b Clute Institute, P.O. Box 620760, Littleton, CO 80162 
040 |a OCLCS  |b eng  |c OCLCS  |d OCLCS  |d OCLCQ  |d DLC  |d UX0  |d OCLCQ  |d CUS  |d COO  |d OCLCF  |d OCLCO  |d OCLCQ  |d WaSeSS 
042 |a lccopycat  |a nsdp 
050 1 4 |a LB2331  |b .I598 
082 1 0 |a 378  |2 14 
222 4 |a The international college teaching methods & styles journal  |b (Online) 
245 0 4 |a The international college teaching methods & styles journal  |h [electronic resource]. 
246 3 |a International college teaching methods and styles journal 
246 1 |i Also called:  |a College teaching methods & styles journal 
246 3 |a CTMS journal 
260 |3 2005-<2009> :  |a Mesa, AZ :  |b College Teaching Methods & Styles Journal 
260 3 |3 <2010-> :  |a Littleton, CO :  |b Clute Institute 
310 |a Quarterly 
362 1 |a Began with vol. 1, no. 1 (Jan. 2005); ceased in 2010. 
506 |a License restrictions may limit access. 
538 |a Mode of access: World Wide Web. 
588 |a Description based on: Vol. 1, no. 1 (1st quarter 2005); title from caption (Clute Institute, viewed Oct. 21, 2010). 
588 |a Latest issue consulted: Vol. 4, no. 11 (Nov. 2008). 
650 0 |a College teaching  |v Periodicals. 
650 7 |a College teaching.  |2 fast  |0 (OCoLC)fst00868201 
655 0 |a Electronic journals. 
776 0 8 |i Also in print:  |t International college teaching methods & styles journal  |x 1548-9566  |w (DLC) 2004214185  |w (OCoLC)54525749 
785 0 0 |t Journal of international education research (Online)  |x 2158-0987  |w (DLC) 2010202539  |w (OCoLC)671360025 
856 4 0 |z Full text available from Research Library: 01/01/2009 to 01/31/2010  |u https://search.proquest.com/publication/54897